000 00724nam a2200265Ia 4500
003 OSt
005 20221005083115.0
006 a|||||r|||| 00| 0
007 ta
008 221004b |||||||| |||| 00| 0 eng d
024 _a68704
037 _cTextual
040 _aCRL
_cCRL
_beng
041 _2eng
_aeng
082 _aX:8Ng, N3
100 _aDilenschneider Robert L.
_9612364
245 0 _aDartnell public relations handbook
260 _aNew Delhi
_bUBS India
_c1993
300 _a875p.
_ccm.
650 _a ECONOMICS
650 _aMANAGEMENT
700 _a Forrestal Dan J.
_9612365
942 _hX:8Ng, N3
_cTEXL
_2cc
999 _c990339
_d990339